000 00776nam a2200217 a 4500
001 1440
003 BR-CuiBMT
005 20231214130046.0
008 231209s2014 scba 000 0 por d
040 _aBR-CuiBMT
_cBR-CuiBMT
080 _22007
_a35.073.52
_x(816.4)
090 _a35.073.52(816.4)
_bS231p
110 1 _aSanta Catarina.
_bTribunal de Contas.
245 1 0 _aParecer prévio sobre as contas do governo do Estado :
_bexercício 2013 /
_cTribunal de contas de Santa Catarina.
260 _aFlorianópolis :
_bTribunal de Contas,
_c2014.
300 _a420 p´. :
_bil. color. ;
650 _aAdministração pública
_zcontas
650 _aTribunal de contas
_vrelatório e parecer
_zSanta Catarina
650 _aAdministração pública
_zMato Grosso
942 _2udc
_cLV
999 _c1440
_d1440